[Event "PMPJ 2022 - C17"]
[Site "Jastrzebia Gora"]
[Date "2022.11.11"]
[Round "8.4"]
[White "Sternik, Piotr"]
[Black "Lis, Maksymilian"]
[Result "0-1"]
[BlackElo "1684"]
[WhiteElo "1726"]
[LiveChessVersion "1.4.8"]

1. d4 d5 {[%clk 1:30:53]} 2. c4 {[%clk 1:31:06]} dxc4 {[%clk 1:31:18]} 3. e3
{[%clk 1:31:16]} Nf6 {[%clk 1:31:42]} 4. Bxc4 {[%clk 1:31:34]} e6
{[%clk 1:32:07]} 5. Nf3 {[%clk 1:31:51]} a6 {[%clk 1:32:17]} 6. O-O
{[%clk 1:31:18]} c5 {[%clk 1:32:37]} 7. Nc3 {[%clk 1:24:38]} Nc6 {[%clk 1:32:49]}
8. a4 {[%clk 1:16:21]} Be7 {[%clk 1:29:04]} 9. dxc5 {[%clk 1:03:21]} Qxd1
{[%clk 1:29:27]} 10. Rxd1 {[%clk 1:03:50]} Bxc5 {[%clk 1:29:48]} 11. h3
{[%clk 1:04:02]} b6 {[%clk 1:30:03]} 12. e4 {[%clk 1:03:56]} Bb7 {[%clk 1:23:32]}
13. e5 {[%clk 1:04:19]} Nd7 {[%clk 1:23:55]} 14. Bf4 {[%clk 1:02:59]} Rd8
{[%clk 1:22:56]} 15. Rd2 {[%clk 0:55:46]} Be7 {[%clk 1:22:09]} 16. Rad1 Nc5
{[%clk 1:21:03]} 17. Rxd8+ {[%clk 0:44:23]} Bxd8 {[%clk 1:21:26]} 18. Nd4
{[%clk 0:40:23]} Bc7 {[%clk 1:17:51]} 19. Nxc6 {[%clk 0:40:42]} Bxc6
{[%clk 1:18:17]} 20. b4 {[%clk 0:40:30]} Nxa4 {[%clk 1:16:55]} 21. Nxa4
{[%clk 0:40:12]} Bxa4 {[%clk 1:17:17]} 22. Ra1 {[%clk 0:40:27]} b5
{[%clk 1:17:25]} 23. Bd3 {[%clk 0:39:11]} Kd7 {[%clk 1:12:11]} 24. Rc1
{[%clk 0:39:26]} Rc8 {[%clk 1:11:48]} 25. Be4 {[%clk 0:38:12]} Bb6
{[%clk 1:09:32]} 26. Rxc8 {[%clk 0:31:06]} Kxc8 {[%clk 1:09:58]} 27. Bxh7
{[%clk 0:31:03]} Kd7 {[%clk 1:10:06]} 28. Be4 {[%clk 0:29:39]} a5
{[%clk 1:07:55]} 29. Bd2 {[%clk 0:29:44]} axb4 {[%clk 1:08:19]} 30. Bxb4
{[%clk 0:30:12]} Bd4 {[%clk 1:08:40]} 31. Kf1 {[%clk 0:29:48]} Bxe5
{[%clk 1:08:22]} 32. g4 {[%clk 0:29:31]} g5 {[%clk 0:58:48]} 33. Ke2
{[%clk 0:22:47]} Bb3 {[%clk 0:58:02]} 34. Kd2 {[%clk 0:21:02]} Bc4
{[%clk 0:56:05]} 35. Bd3 {[%clk 0:20:37]} Kc6 {[%clk 0:54:15]} 36. Be4+
{[%clk 0:19:25]} Bd5 {[%clk 0:54:22]} 37. f3 {[%clk 0:14:22]} Bd6
{[%clk 0:50:38]} 38. Bc3 {[%clk 0:13:15]} Kc5 {[%clk 0:51:01]} 39. Bf6
{[%clk 0:13:35]} Bf4+ {[%clk 0:51:05]} 40. Kc3 {[%clk 0:12:07]} b4+
{[%clk 0:48:35]} 41. Kd3 {[%clk 0:12:31]} Bc4+ {[%clk 0:47:17]} 42. Kc2 Bf1 43.
h4 {[%clk 0:12:56]} gxh4 {[%clk 0:47:39]} 44. Bxh4 {[%clk 0:13:25]} Be5
{[%clk 0:47:28]} 45. g5 {[%clk 0:13:09]} Kc4 {[%clk 0:44:52]} 46. Bf2
{[%clk 0:05:14]} b3+ {[%clk 0:45:04]} 47. Kd2 {[%clk 0:05:17]} Bc3+
{[%clk 0:42:00]} 48. Kc1 {[%clk 0:04:01]} Bd3 {[%clk 0:42:21]} 49. Bxd3+
{[%clk 0:03:59]} Kxd3 {[%clk 0:42:46]} 50. Bg3 {[%clk 0:04:00]} Ke3
{[%clk 0:43:05]} 0-1

[Event "PMPJ 2022 - C17"]
[Site "Jastrzebia Gora"]
[Date "2022.11.11"]
[Round "8.5"]
[White "Kossowski, Pawel"]
[Black "Bem, Tymoteusz"]
[Result "1-0"]
[BlackElo "1652"]
[WhiteElo "1773"]
[LiveChessVersion "1.4.8"]

1. e4 c5 2. Nc3 Nc6 3. Nge2 e5 4. Nd5 Nf6 5. Nec3 a6 6. a4 d6 7. Bc4 Be7 8. d3
Nxd5 9. Nxd5 Be6 10. O-O O-O 11. f4 exf4 12. Bxf4 Bxd5 13. Bxd5 Bf6 14. c3 Qe7
15. Qf3 Nd8 16. Rf2 Ne6 17. Be3 Rad8 18. Raf1 Kh8 19. Qg4 b5 20. axb5 axb5 21.
Rf5 Be5 22. Rh5 g6 23. Rh3 Bg7 24. Rhf3 Rde8 25. Bd2 f6 26. h4 Nd8 27. h5 g5 28.
Qh3 Nf7 29. Bxf7 Rxf7 30. h6 g4 31. Qxg4 Bf8 32. Rg3 1-0

[Event "PMPJ 2022 - C17"]
[Site "Jastrzebia Gora"]
[Date "2022.11.11"]
[Round "8.6"]
[White "Smetek, Michal"]
[Black "Pieczulis, Blazej"]
[Result "1/2-1/2"]
[BlackElo "1693"]
[WhiteElo "1731"]
[LiveChessVersion "1.4.8"]

1. d4 {[%clk 1:30:58]} d5 {[%clk 1:30:38]} 2. c4 {[%clk 1:31:19]} c6
{[%clk 1:31:05]} 3. Nf3 {[%clk 1:30:55]} Nf6 {[%clk 1:30:59]} 4. Nc3
{[%clk 1:31:14]} dxc4 {[%clk 1:30:25]} 5. a4 {[%clk 1:31:18]} Bf5
{[%clk 1:29:57]} 6. Ne5 {[%clk 1:31:08]} Nbd7 {[%clk 1:30:09]} 7. Nxc4
{[%clk 1:31:31]} Nb6 {[%clk 1:30:34]} 8. Ne5 {[%clk 1:31:56]} a5 {[%clk 1:30:52]}
9. g3 {[%clk 1:28:55]} e6 {[%clk 1:31:15]} 10. Bg2 {[%clk 1:29:13]} Bb4
{[%clk 1:31:36]} 11. O-O {[%clk 1:29:25]} O-O {[%clk 1:32:00]} 12. e3
{[%clk 1:06:06]} Qe7 {[%clk 1:24:24]} 13. Qe2 {[%clk 1:03:09]} Nbd7
{[%clk 1:18:19]} 14. e4 {[%clk 0:59:43]} Bg6 {[%clk 1:17:21]} 15. Bg5
{[%clk 0:50:28]} Qe8 {[%clk 1:11:06]} 16. h4 {[%clk 0:47:46]} h6 {[%clk 1:07:35]}
17. Nxg6 {[%clk 0:47:15]} fxg6 {[%clk 1:08:01]} 18. Be3 {[%clk 0:45:47]} Qe7
{[%clk 1:01:39]} 19. Rac1 {[%clk 0:44:21]} Rad8 {[%clk 0:50:38]} 20. Rfd1
{[%clk 0:40:19]} Rfe8 {[%clk 0:49:56]} 21. Qc4 {[%clk 0:36:27]} Qf7
{[%clk 0:42:00]} 22. Qe2 {[%clk 0:34:11]} Kh7 {[%clk 0:41:22]} 23. Na2
{[%clk 0:26:57]} Bf8 {[%clk 0:37:54]} 24. e5 {[%clk 0:26:22]} Nd5
{[%clk 0:37:25]} 25. Be4 {[%clk 0:26:02]} Kh8 {[%clk 0:31:51]} 26. Nc3
{[%clk 0:23:23]} N7b6 {[%clk 0:29:26]} 27. Bd2 {[%clk 0:20:28]} Ra8
{[%clk 0:24:52]} 28. Qg4 {[%clk 0:15:45]} Ne7 {[%clk 0:24:54]} 29. Ne2
{[%clk 0:15:52]} Nf5 {[%clk 0:24:38]} 30. Nf4 {[%clk 0:11:20]} Kh7
{[%clk 0:24:30]} 31. Be3 {[%clk 0:11:17]} Nd5 {[%clk 0:21:24]} 32. Nxd5
{[%clk 0:10:52]} exd5 {[%clk 0:21:46]} 33. Bb1 {[%clk 0:10:46]} h5
{[%clk 0:20:40]} 34. Qf3 {[%clk 0:09:44]} Kg8 {[%clk 0:19:46]} 35. Kg2
{[%clk 0:08:20]} Be7 {[%clk 0:17:56]} 36. Qe2 {[%clk 0:06:52]} Rf8
{[%clk 0:15:49]} 37. Bg5 {[%clk 0:03:29]} Bxg5 {[%clk 0:14:42]} 38. hxg5
{[%clk 0:03:58]} Qe6 {[%clk 0:15:10]} 39. f4 {[%clk 0:03:20]} Kf7
{[%clk 0:14:59]} 40. Qd3 {[%clk 0:03:01]} Rh8 {[%clk 0:14:46]} 41. Rh1
{[%clk 0:02:58]} Ne7 {[%clk 0:13:04]} 42. Qb3 {[%clk 0:01:25]} Qg4
{[%clk 0:12:48]} 43. Qf3 {[%clk 0:01:08]} Qe6 {[%clk 0:12:49]} 44. Qd3
{[%clk 0:00:49]} Rab8 {[%clk 0:11:47]} 45. Rc5 {[%clk 0:00:54]} Ra8
{[%clk 0:11:50]} 46. Ba2 {[%clk 0:00:45]} Qg4 {[%clk 0:11:08]} 47. Rh4
{[%clk 0:00:37]} Qe6 {[%clk 0:11:20]} 1/2-1/2

[Event "PMPJ 2022 - C17"]
[Site "Jastrzebia Gora"]
[Date "2022.11.11"]
[Round "8.7"]
[White "Zeissel, Andrzej"]
[Black "Kulig, Pawel"]
[Result "1/2-1/2"]
[BlackElo "1887"]
[WhiteElo "1654"]
[LiveChessVersion "1.4.8"]

1. e4 {[%clk 1:30:59]} c5 {[%clk 1:30:51]} 2. Nc3 {[%clk 1:31:25]} Nc6
{[%clk 1:31:08]} 3. Nge2 {[%clk 1:30:52]} g6 {[%clk 1:30:26]} 4. d3
{[%clk 1:31:07]} Bg7 {[%clk 1:30:29]} 5. g3 {[%clk 1:31:32]} d6 {[%clk 1:30:19]}
6. Bg2 {[%clk 1:31:56]} e5 {[%clk 1:30:32]} 7. O-O {[%clk 1:32:03]} Nge7
{[%clk 1:30:55]} 8. f4 {[%clk 1:31:30]} O-O {[%clk 1:31:02]} 9. fxe5
{[%clk 1:17:53]} dxe5 {[%clk 1:29:47]} 10. Bg5 {[%clk 1:16:49]} f6
{[%clk 1:23:33]} 11. Be3 {[%clk 1:17:14]} b6 {[%clk 1:23:24]} 12. Qd2
{[%clk 1:15:48]} Be6 {[%clk 1:20:50]} 13. Bh6 {[%clk 1:11:48]} Qd7
{[%clk 1:18:53]} 14. Rf2 {[%clk 1:08:00]} Rad8 {[%clk 1:17:20]} 15. b3
{[%clk 1:05:11]} Nd4 {[%clk 1:16:10]} 16. Bxg7 {[%clk 1:04:41]} Kxg7
{[%clk 1:16:33]} 17. Raf1 {[%clk 1:01:36]} b5 {[%clk 1:13:49]} 18. Nd1
{[%clk 0:56:36]} c4 {[%clk 0:47:51]} 19. Nxd4 {[%clk 0:50:17]} exd4
{[%clk 0:42:33]} 20. Qf4 {[%clk 0:44:31]} g5 {[%clk 0:40:35]} 21. Qd2
{[%clk 0:44:10]} Ng6 {[%clk 0:39:32]} 22. e5 {[%clk 0:37:32]} Nxe5
{[%clk 0:32:07]} 23. Rxf6 {[%clk 0:37:55]} Rxf6 {[%clk 0:31:48]} 24. Qxg5+
{[%clk 0:38:20]} Rg6 {[%clk 0:32:00]} 25. Qxe5+ {[%clk 0:38:44]} Kg8
{[%clk 0:32:03]} 26. Be4 {[%clk 0:34:59]} Rg7 {[%clk 0:30:18]} 27. Rf6
{[%clk 0:34:11]} Bd5 {[%clk 0:26:58]} 28. Nf2 {[%clk 0:30:22]} cxb3
{[%clk 0:24:21]} 29. cxb3 {[%clk 0:28:32]} Bxe4 {[%clk 0:22:23]} 30. Nxe4
{[%clk 0:29:00]} Re8 {[%clk 0:21:22]} 31. Qh5 {[%clk 0:25:23]} Qe7
{[%clk 0:17:05]} 32. Qxb5 {[%clk 0:24:04]} Kh8 {[%clk 0:16:24]} 33. Qf5
{[%clk 0:21:55]} Rd8 {[%clk 0:11:14]} 34. Qf4 {[%clk 0:16:44]} Kg8
{[%clk 0:10:00]} 35. Qf5 {[%clk 0:13:25]} Qd7 {[%clk 0:08:23]} 36. Re6
{[%clk 0:09:29]} Qf7 {[%clk 0:07:40]} 37. Rf6 {[%clk 0:07:44]} Qd7
{[%clk 0:07:51]} 38. Re6 {[%clk 0:07:50]} Qf7 {[%clk 0:08:12]} 39. Rf6
{[%clk 0:08:13]} Qd7 {[%clk 0:06:00]} 1/2-1/2

[Event "PMPJ 2022 - C17"]
[Site "Jastrzebia Gora"]
[Date "2022.11.11"]
[Round "8.8"]
[White "Bednarczyk, Mateusz"]
[Black "Madajczak, Piotr"]
[Result "0-1"]
[BlackElo "1902"]
[WhiteElo "1756"]
[LiveChessVersion "1.4.8"]

1. e4 {[%clk 1:30:57]} d5 {[%clk 1:30:53]} 2. exd5 {[%clk 1:31:14]} Qxd5
{[%clk 1:31:16]} 3. Nc3 {[%clk 1:31:37]} Qd6 {[%clk 1:31:41]} 4. Nf3
{[%clk 1:30:35]} Nf6 {[%clk 1:31:51]} 5. Be2 {[%clk 1:30:06]} c6 {[%clk 1:31:32]}
6. O-O {[%clk 1:30:26]} Bg4 {[%clk 1:31:34]} 7. h3 {[%clk 1:30:15]} Bh5
{[%clk 1:31:51]} 8. d4 {[%clk 1:29:23]} e6 {[%clk 1:31:56]} 9. Be3
{[%clk 1:27:58]} Be7 {[%clk 1:31:30]} 10. Qd2 {[%clk 1:23:46]} O-O
{[%clk 1:30:36]} 11. Rad1 {[%clk 1:21:47]} Nd5 {[%clk 1:26:44]} 12. Nxd5
{[%clk 1:20:35]} cxd5 {[%clk 1:27:03]} 13. c3 {[%clk 1:20:45]} Nc6
{[%clk 1:23:58]} 14. Bf4 {[%clk 1:15:35]} Qd8 {[%clk 1:23:36]} 15. Ne5
{[%clk 1:14:52]} Bxe2 {[%clk 1:21:05]} 16. Qxe2 {[%clk 1:15:08]} Bd6
{[%clk 1:17:57]} 17. Nxc6 {[%clk 1:15:21]} bxc6 {[%clk 1:18:21]} 18. Bxd6
{[%clk 1:15:48]} Qxd6 {[%clk 1:18:43]} 19. Rfe1 {[%clk 1:14:52]} Rab8
{[%clk 1:14:26]} 20. Rd2 {[%clk 1:14:32]} Rfe8 {[%clk 0:54:55]} 21. Qe3
{[%clk 1:11:01]} a5 {[%clk 0:52:38]} 22. Rc2 {[%clk 1:06:19]} Rec8
{[%clk 0:48:26]} 23. Ree2 {[%clk 1:03:38]} h6 {[%clk 0:29:24]} 24. Red2
{[%clk 1:01:42]} Rc7 {[%clk 0:26:22]} 25. Qd3 {[%clk 0:59:33]} Rcb7
{[%clk 0:26:02]} 26. Qa6 {[%clk 0:55:05]} Qc7 {[%clk 0:26:24]} 27. g3
{[%clk 0:54:00]} Rb5 {[%clk 0:17:19]} 28. a4 {[%clk 0:54:06]} R5b7
{[%clk 0:15:34]} 29. Qe2 {[%clk 0:51:40]} Qb6 {[%clk 0:15:20]} 30. Qf1
{[%clk 0:50:46]} Qb3 {[%clk 0:15:22]} 31. Qa1 {[%clk 0:51:07]} Rc7
{[%clk 0:14:24]} 32. Rc1 {[%clk 0:42:35]} c5 {[%clk 0:13:49]} 33. Rdd1
{[%clk 0:19:04]} cxd4 {[%clk 0:12:38]} 34. cxd4 {[%clk 0:18:38]} Rxc1
{[%clk 0:10:07]} 35. Rxc1 {[%clk 0:19:02]} Qb4 {[%clk 0:09:12]} 36. b3
{[%clk 0:15:09]} Qxb3 {[%clk 0:09:40]} 37. Rc5 {[%clk 0:15:32]} Qd3
{[%clk 0:09:58]} 38. Qc3 {[%clk 0:11:15]} Rb1+ {[%clk 0:10:03]} 39. Kh2
{[%clk 0:11:28]} Qf1 {[%clk 0:08:27]} 40. Rc8+ {[%clk 0:11:39]} Kh7
{[%clk 0:08:56]} 41. Qc2+ {[%clk 0:11:55]} f5 {[%clk 0:08:56]} 42. g4
{[%clk 0:12:16]} Qg1# 0-1

[Event "PMPJ 2022 - C17"]
[Site "Jastrzebia Gora"]
[Date "2022.11.11"]
[Round "8.9"]
[White "Skrzypczynski, Kacper"]
[Black "Wesolek, Krzysztof"]
[Result "1/2-1/2"]
[BlackElo "1667"]
[WhiteElo "1894"]
[LiveChessVersion "1.4.8"]

1. d4 {[%clk 1:30:57]} d5 {[%clk 1:30:57]} 2. c4 {[%clk 1:31:22]} dxc4
{[%clk 1:31:20]} 3. e3 {[%clk 1:31:42]} a6 {[%clk 1:31:32]} 4. a4
{[%clk 1:30:47]} e6 {[%clk 1:31:48]} 5. Nf3 {[%clk 1:30:36]} Nf6 {[%clk 1:32:12]}
6. Nc3 {[%clk 1:30:48]} c5 {[%clk 1:32:14]} 7. Bxc4 {[%clk 1:30:56]} Nc6
{[%clk 1:32:11]} 8. O-O {[%clk 1:31:07]} cxd4 {[%clk 1:32:19]} 9. exd4
{[%clk 1:31:31]} Be7 {[%clk 1:32:03]} 10. Bg5 {[%clk 1:27:13]} O-O
{[%clk 1:31:56]} 11. Rc1 {[%clk 1:25:04]} Qb6 {[%clk 1:22:50]} 12. Qb3
{[%clk 1:23:59]} Qa7 {[%clk 1:19:44]} 13. Ne2 {[%clk 1:23:04]} Rd8
{[%clk 1:15:45]} 14. Qe3 {[%clk 1:15:44]} Bd7 {[%clk 1:03:03]} 15. Ne5
{[%clk 1:09:51]} Nxe5 {[%clk 0:43:17]} 16. Qxe5 {[%clk 1:09:48]} b5
{[%clk 0:21:23]} 17. axb5 {[%clk 1:09:42]} axb5 {[%clk 0:21:52]} 18. Bb3
{[%clk 1:09:33]} Rac8 {[%clk 0:18:05]} 19. d5 {[%clk 1:05:26]} Rxc1
{[%clk 0:18:01]} 20. Nxc1 {[%clk 1:05:23]} Ng4 {[%clk 0:17:57]} 21. Qg3
{[%clk 1:04:17]} Bxg5 {[%clk 0:17:38]} 22. Qxg4 {[%clk 1:00:01]} Bxc1
{[%clk 0:17:27]} 23. Rxc1 {[%clk 1:00:25]} exd5 {[%clk 0:16:26]} 24. Qg5
{[%clk 1:00:50]} Qb8 {[%clk 0:13:14]} 25. Bxd5 {[%clk 0:59:39]} Rc8
{[%clk 0:12:05]} 26. Rxc8+ {[%clk 0:59:47]} Qxc8 {[%clk 0:12:25]} 27. h3
{[%clk 0:59:44]} Qe8 {[%clk 0:11:44]} 28. Qf4 {[%clk 0:57:47]} h6
{[%clk 0:11:17]} 29. b4 {[%clk 0:57:53]} Bc6 {[%clk 0:10:27]} 30. Bb3
{[%clk 0:56:44]} Qe1+ {[%clk 0:10:13]} 31. Kh2 {[%clk 0:57:00]} Qe7
{[%clk 0:07:29]} 1/2-1/2

[Event "PMPJ 2022 - C17"]
[Site "Jastrzebia Gora"]
[Date "2022.11.11"]
[Round "8.10"]
[White "Melerowicz, Dominik"]
[Black "Maciaszek, Karol"]
[Result "1-0"]
[BlackElo "1631"]
[WhiteElo "1850"]
[LiveChessVersion "1.4.8"]

1. e4 {[%clk 1:30:58]} c5 {[%clk 1:30:55]} 2. Nf3 {[%clk 1:31:19]} e6
{[%clk 1:31:20]} 3. d4 {[%clk 1:31:44]} cxd4 {[%clk 1:31:46]} 4. Nxd4
{[%clk 1:32:07]} Nf6 {[%clk 1:32:12]} 5. Nc3 {[%clk 1:32:20]} Nc6
{[%clk 1:32:34]} 6. Nxc6 {[%clk 1:32:15]} bxc6 {[%clk 1:32:58]} 7. e5
{[%clk 1:32:29]} Nd5 {[%clk 1:33:26]} 8. Ne4 {[%clk 1:32:51]} Qc7
{[%clk 1:33:52]} 9. f4 {[%clk 1:33:16]} Qb6 {[%clk 1:34:19]} 10. c4
{[%clk 1:33:42]} Bb4+ {[%clk 1:34:44]} 11. Ke2 {[%clk 1:34:04]} Ba6
{[%clk 1:29:42]} 12. Kf3 {[%clk 1:34:26]} f5 {[%clk 1:30:07]} 13. Nf2
{[%clk 1:31:40]} Nc7 {[%clk 1:29:06]} 14. Be3 {[%clk 1:27:11]} Bc5
{[%clk 1:12:24]} 15. Bxc5 {[%clk 1:25:49]} Qxc5 {[%clk 1:12:49]} 16. Qd6
{[%clk 1:26:00]} Qb6 {[%clk 1:12:56]} 17. Rd1 {[%clk 1:24:31]} Rd8
{[%clk 1:04:00]} 18. b3 {[%clk 1:22:45]} c5 {[%clk 1:00:46]} 19. Nd3
{[%clk 1:13:37]} Bb7+ {[%clk 1:01:00]} 20. Kf2 {[%clk 1:13:18]} Na6
{[%clk 1:00:06]} 21. Qxb6 {[%clk 1:11:08]} axb6 {[%clk 1:00:33]} 22. Be2
{[%clk 1:11:22]} Ra8 {[%clk 0:55:40]} 23. Bf3 {[%clk 1:09:54]} Bxf3
{[%clk 0:55:52]} 24. Kxf3 {[%clk 1:10:20]} Nb8 {[%clk 0:52:46]} 25. Rd2
{[%clk 1:08:59]} Nc6 {[%clk 0:52:50]} 26. Ke3 {[%clk 1:08:26]} Ke7
{[%clk 0:49:57]} 27. h4 {[%clk 1:08:03]} Ra3 {[%clk 0:47:31]} 28. Rhd1
{[%clk 0:53:46]} Rha8 {[%clk 0:43:34]} 29. Nc1 {[%clk 0:54:05]} Nd4
{[%clk 0:34:51]} 30. Ne2 {[%clk 0:54:00]} Rxa2 {[%clk 0:34:35]} 31. Nxd4
{[%clk 0:54:25]} cxd4+ {[%clk 0:34:32]} 32. Rxd4 {[%clk 0:53:57]} R8a7
{[%clk 0:34:48]} 33. g3 {[%clk 0:53:24]} Rb2 {[%clk 0:30:11]} 34. R4d3
{[%clk 0:52:05]} Ke8 {[%clk 0:27:33]} 35. R1d2 {[%clk 0:49:41]} Rb1
{[%clk 0:24:17]} 36. Kf2 {[%clk 0:35:15]} Raa1 {[%clk 0:10:16]} 37. Rd6
{[%clk 0:33:57]} Rxb3 {[%clk 0:03:02]} 38. Rxd7 {[%clk 0:34:10]} Rbb1
{[%clk 0:01:46]} 39. Rxg7 {[%clk 0:29:07]} Rf1+ {[%clk 0:02:08]} 40. Ke3
{[%clk 0:29:13]} Ra3+ {[%clk 0:01:24]} 41. Rd3 {[%clk 0:29:31]} Re1+
{[%clk 0:00:46]} 42. Kd2 {[%clk 0:29:52]} Rd1+ {[%clk 0:00:37]} 43. Kxd1
{[%clk 0:30:16]} Rxd3+ {[%clk 0:01:05]} 44. Kc2 {[%clk 0:30:38]} Rf3
{[%clk 0:01:32]} 45. h5 {[%clk 0:30:22]} Kf8 {[%clk 0:01:50]} 46. h6
{[%clk 0:30:45]} Ra3 {[%clk 0:01:53]} 47. Rxh7 {[%clk 0:30:51]} Rxg3
{[%clk 0:02:22]} 48. Rb7 {[%clk 0:31:04]} Rh3 {[%clk 0:00:45]} 49. h7
{[%clk 0:31:26]} 1-0

[Event "PMPJ 2022 - C17"]
[Site "Jastrzebia Gora"]
[Date "2022.11.11"]
[Round "8.11"]
[White "Szafranski, Maciej"]
[Black "Kietrys, Maciej"]
[Result "1/2-1/2"]
[BlackElo "1847"]
[WhiteElo "1511"]
[LiveChessVersion "1.4.8"]

1. e4 {[%clk 1:30:56]} e5 {[%clk 1:30:54]} 2. Nf3 {[%clk 1:31:07]} Nc6
{[%clk 1:31:20]} 3. Bb5 {[%clk 1:31:06]} Nf6 {[%clk 1:31:44]} 4. O-O
{[%clk 1:30:33]} Nxe4 {[%clk 1:31:27]} 5. Re1 {[%clk 1:29:17]} Nd6
{[%clk 1:30:21]} 6. Nxe5 {[%clk 1:29:09]} Be7 {[%clk 1:28:30]} 7. Bf1
{[%clk 1:27:22]} Nxe5 {[%clk 1:27:37]} 8. Rxe5 {[%clk 1:27:44]} O-O
{[%clk 1:28:02]} 9. d4 {[%clk 1:26:13]} Bf6 {[%clk 1:27:33]} 10. Re1
{[%clk 1:23:47]} Nf5 {[%clk 1:26:47]} 11. c3 {[%clk 1:23:02]} d5 {[%clk 1:26:45]}
12. Bf4 {[%clk 1:20:59]} Nd6 {[%clk 1:23:18]} 13. Bd3 {[%clk 1:19:40]} g6
{[%clk 1:21:21]} 14. Nd2 {[%clk 1:19:09]} a5 {[%clk 1:15:45]} 15. Nf3
{[%clk 1:07:31]} Bg4 {[%clk 1:10:50]} 16. h3 {[%clk 1:04:47]} Bxf3
{[%clk 1:07:43]} 17. Qxf3 {[%clk 1:05:10]} c6 {[%clk 1:08:00]} 18. a4
{[%clk 1:03:43]} Qd7 {[%clk 1:04:55]} 19. Re2 {[%clk 0:57:04]} Rfe8
{[%clk 1:01:51]} 20. Rae1 {[%clk 0:54:55]} Rxe2 {[%clk 1:00:50]} 21. Rxe2
{[%clk 0:55:21]} Re8 {[%clk 1:00:08]} 22. Bxd6 {[%clk 0:51:37]} Rxe2
{[%clk 1:00:27]} 23. Qxe2 {[%clk 0:51:24]} Qxd6 {[%clk 1:00:51]} 24. g3
{[%clk 0:45:34]} Kg7 {[%clk 0:59:42]} 25. Kg2 {[%clk 0:40:07]} b6
{[%clk 0:59:33]} 26. Qd2 {[%clk 0:39:04]} c5 {[%clk 0:59:13]} 27. dxc5
{[%clk 0:38:50]} Qxc5 {[%clk 0:58:50]} 28. Be2 {[%clk 0:38:04]} d4
{[%clk 0:57:31]} 29. cxd4 {[%clk 0:37:50]} Bxd4 {[%clk 0:57:19]} 30. Bf3
{[%clk 0:37:17]} Qe5 {[%clk 0:56:31]} 31. b3 {[%clk 0:37:20]} 1/2-1/2

[Event "PMPJ 2022 - C17"]
[Site "Jastrzebia Gora"]
[Date "2022.11.11"]
[Round "8.12"]
[White "Rzenca, Jerzy"]
[Black "Dysko, Michal"]
[Result "1-0"]
[BlackElo "1554"]
[WhiteElo "1631"]
[LiveChessVersion "1.4.8"]

1. c4 {[%clk 1:29:44]} b6 {[%clk 1:30:51]} 2. Nc3 {[%clk 1:27:33]} Bb7
{[%clk 1:31:09]} 3. e4 {[%clk 1:26:25]} e5 {[%clk 1:31:10]} 4. g3
{[%clk 1:26:47]} Nf6 {[%clk 1:31:11]} 5. Bg2 {[%clk 1:27:05]} Nc6
{[%clk 1:29:47]} 6. Nge2 {[%clk 1:27:02]} Bc5 {[%clk 1:25:55]} 7. O-O
{[%clk 1:24:56]} O-O {[%clk 1:22:41]} 8. d3 {[%clk 1:25:00]} d6 {[%clk 1:21:17]}
9. h3 {[%clk 1:18:11]} Re8 {[%clk 1:07:09]} 10. Kh2 {[%clk 1:17:48]} Nd7
{[%clk 1:07:07]} 11. f4 {[%clk 1:13:54]} exf4 {[%clk 1:06:45]} 12. gxf4
{[%clk 1:08:14]} Nd4 {[%clk 1:03:24]} 13. a3 {[%clk 0:55:06]} a5 {[%clk 0:59:15]}
14. Rb1 {[%clk 0:51:27]} Nc6 {[%clk 0:58:34]} 15. d4 {[%clk 0:51:22]} 1-0

[Event "PMPJ 2022 - C17"]
[Site "Jastrzebia Gora"]
[Date "2022.11.11"]
[Round "8.13"]
[White "Mocko, Maciej"]
[Black "Czarniecki, Pawel"]
[Result "0-1"]
[BlackElo "1524"]
[WhiteElo "1572"]
[LiveChessVersion "1.4.8"]

1. e4 e5 {[%clk 1:30:49]} 2. Nf3 {[%clk 1:30:11]} Nc6 {[%clk 1:31:11]} 3. Bc4
{[%clk 1:30:22]} Nf6 {[%clk 1:31:36]} 4. d3 {[%clk 1:30:39]} Bc5 {[%clk 1:31:40]}
5. Nc3 {[%clk 1:30:44]} d6 {[%clk 1:29:57]} 6. O-O {[%clk 1:31:02]} Be6
{[%clk 1:29:59]} 7. Bxe6 {[%clk 1:28:11]} fxe6 {[%clk 1:30:24]} 8. Na4
{[%clk 1:28:28]} Bb6 {[%clk 1:29:52]} 9. Nxb6 {[%clk 1:28:47]} axb6
{[%clk 1:30:12]} 10. Re1 {[%clk 1:29:01]} O-O {[%clk 1:30:29]} 11. c3
{[%clk 1:25:26]} Qe8 {[%clk 1:28:01]} 12. d4 {[%clk 1:22:13]} exd4
{[%clk 1:26:47]} 13. cxd4 {[%clk 1:22:18]} e5 {[%clk 1:26:18]} 14. d5
{[%clk 1:21:48]} Nd8 {[%clk 1:26:24]} 15. Qc2 {[%clk 1:07:06]} Qd7
{[%clk 1:18:25]} 16. Bg5 {[%clk 1:04:01]} h6 {[%clk 1:15:28]} 17. Be3
{[%clk 1:03:17]} Ng4 {[%clk 1:11:18]} 18. Nh4 {[%clk 1:01:07]} Nxe3
{[%clk 1:08:08]} 19. Rxe3 {[%clk 1:01:21]} Kh7 {[%clk 1:07:08]} 20. Rg3
{[%clk 0:58:12]} Rf6 {[%clk 1:02:37]} 21. a3 {[%clk 0:53:17]} c5 {[%clk 1:01:01]}
22. dxc6 {[%clk 0:48:43]} bxc6 {[%clk 1:01:24]} 23. Qd2 {[%clk 0:48:47]} g6
{[%clk 0:59:13]} 24. Nf3 {[%clk 0:48:57]} Nf7 {[%clk 0:57:17]} 25. Rh3
{[%clk 0:48:30]} Kg7 {[%clk 0:53:26]} 26. Rd1 {[%clk 0:44:58]} Qe6
{[%clk 0:47:23]} 27. Qe3 {[%clk 0:39:59]} b5 {[%clk 0:44:40]} 28. Qe2
{[%clk 0:33:40]} Ra4 {[%clk 0:41:27]} 29. Nd2 {[%clk 0:29:46]} b4
{[%clk 0:38:27]} 30. Rd3 {[%clk 0:24:01]} bxa3 {[%clk 0:36:45]} 31. bxa3
{[%clk 0:24:19]} Qa2 {[%clk 0:35:57]} 32. Qe3 {[%clk 0:23:22]} d5
{[%clk 0:35:04]} 33. Qc5 {[%clk 0:21:52]} dxe4 {[%clk 0:33:43]} 34. Re3
{[%clk 0:21:06]} Rd6 {[%clk 0:32:30]} 35. Qc3 {[%clk 0:18:17]} Rad4
{[%clk 0:31:27]} 36. Re2 {[%clk 0:17:56]} Rd3 {[%clk 0:30:02]} 37. Qb4
{[%clk 0:16:42]} Qc2 {[%clk 0:28:49]} 38. Qb1 {[%clk 0:13:18]} Qxb1
{[%clk 0:28:29]} 39. Rxb1 {[%clk 0:13:38]} Rxd2 {[%clk 0:28:54]} 40. Rxe4
{[%clk 0:14:05]} Rd1+ {[%clk 0:27:37]} 41. Re1 {[%clk 0:14:33]} Rxe1+
{[%clk 0:27:57]} 42. Rxe1 {[%clk 0:15:02]} c5 {[%clk 0:27:42]} 43. f3 Ra6
{[%clk 0:28:01]} 44. Rc1 {[%clk 0:15:42]} Ra5 {[%clk 0:28:04]} 45. Kf2
{[%clk 0:16:04]} Kf6 {[%clk 0:28:24]} 46. h4 {[%clk 0:16:39]} Nd6
{[%clk 0:28:42]} 47. g4 {[%clk 0:17:05]} c4 {[%clk 0:28:38]} 48. Rc3
{[%clk 0:17:10]} Ra4 {[%clk 0:28:53]} 49. Re3 {[%clk 0:17:33]} Nb5 50. g5+ hxg5
{[%clk 0:29:16]} 51. hxg5+ {[%clk 0:18:02]} Kf5 {[%clk 0:29:30]} 52. Re4
{[%clk 0:18:25]} Nxa3 {[%clk 0:28:55]} 53. Ke3 {[%clk 0:18:46]} Nb5
{[%clk 0:29:10]} 54. Ke2 {[%clk 0:18:59]} Nc3+ {[%clk 0:29:35]} 0-1